Fire Emblem Heroes Sword Flying Units - Statistics

General Stats
  • This quiz has been taken 74 times
    3 since last reset
  • The average score is 24 of 32
Answer Stats
Answer % Correct
Annand
100%
Caeda
100%
Caeda (Young)
100%
Camilla (New Year)
100%
Catria (SoV)
100%
Fiora (Summer)
100%
Haar (Ninja)
100%
Juno (Desert)
100%
Mia (Festival)
100%
Palla
100%
Palla (SoV)
100%
Ryoma (Legendary)
100%
Sigrun (Wedding)
100%
Syrene
100%
Tana (New Year)
100%
Tanith
100%
Thea (Ice)
100%
Ashnard
50%
Baldr
50%
Elincia
50%
Elincia (Legendary)
50%
Fee
50%
Glen
50%
Hríd (New Year)
50%
Laegjarn
50%
Marth (Anniversary)
50%
Mirabilis
50%
Olivia (Flying)
50%
Rickard (Thief)
50%
Triandra (Attuned)
50%
Altina
0%
Gunnthrá (New Year)
0%
No matching quizzes found
Score Distribution
Percent of People with Each Score
Percentile by Number Answered
Your Score History
You have not taken this quiz since the last reset